Bayer 04 Leverkusen Meister Quiz #6 - Statistiken

Allgemein
  • Dieses Quiz wurde 49 mal gespielt
    19 seit der letzten Aktualisierung
  • Das Durchschnittsergebnis liegt bei 3 aus 5
Antwortstatistiken
GT Fußball-Club % Korrekt
3 VfB Stuttgart
92%
2 Borussia Dortmund
83%
3 Borussia Mönchengladbach
83%
3 FC Augsburg
50%
4 VfL Wolfsburg
17%
Keine übereinstimmenden Quizze gefunden
Verteilung der Resultate
Anzahl Personen mit jedem Resultat
Perzentil nach korrekt beantworteten Fragen
Ihre Resultats-Entwicklung
Sie haben dieses Quiz seit der letzten Aktualisierung nicht gespielt